000 00309nam a22001337a 4500
008 170922b xxu||||| |||| 00| 0 eng d
020 _a9780205738915
041 _aeng
080 _25TH
_a37
100 _a46
101 _aEDU
245 _aMOSAICS READING AND WRITING ESSAYS
_cFLACHMANN,K
942 _2udc
_cBK
999 _c28977
_d28977